Score 0/30 Timer 04:00
4 Plays Today
% Correct
look
95.7%
take
95.1%
work
94.2%
hang
93.5%
cast
92.8%
fall
92.5%
hand
92.4%
blow
92.1%
drop
92.1%
hide
91.8%
with
91.6%
sold
91.4%
shut
91.3%
come
89.5%
burn
89.5%
% Correct
hold
89%
camp
88.7%
bail
88.1%
cook
86.8%
side
86.3%
grow
85.5%
wash
82.7%
last
82.7%
line
80.8%
live
78.5%
post
78.1%
done
77.4%
rage
76.6%
fits
70.7%
door
70.1%
Remove Ads.
Support Sporcle.
Get the best of Sporcle when you Go Orange. This ad-free experience offers more features, more stats, and more fun while also helping to support Sporcle. Thank you for becoming a member.

You're not logged in!

Compare scores with friends on all Sporcle quizzes.
OR
Log In

Show Comments

Extras

Top Quizzes Today


Score Distribution

Your Account Isn't Verified!

In order to create a playlist on Sporcle, you need to verify the email address you used during registration. Go to your Sporcle Settings to finish the process.

Report this User

Report this user for behavior that violates our Community Guidelines.

Details: